Responses for Show #9067 - Tuesday, March 26, 2024

2024 Jeopardy! Invitational Tournament quarterfinal game 5.

Contestants

[<< previous game]

David Madden, an academic competition director from Ridgewood, New Jersey

Arthur Chu, a writer originally from Cleveland, Ohio

MacKenzie Jones, a teacher and Ph.D. student from Tulsa, Oklahoma

[next game >>]

Jeopardy! Round responses

FLAT EARTH
(Ken: Wow, big if true.)
PICK A CARD, ANY CARD
MAMMALS
4-WORD TV SYNOPSES
MAGAZINES
SPORTY TALK
    $200 8
South Africa

MacKenzie
    $200 24
cue cards

David
    $200 29
a porcupine

MacKenzie
    $200 27
Better Call Saul

Arthur
    $200 30
Costco

MacKenzie
    $200 28
(MacKenzie: What is alley-oop?)

slam dunk

MacKenzieDavid
    $400 7
Bonneville

David
    $400 21
Hallmark

David
    $400 22
(MacKenzie: What is gorilla?)

a hippo

MacKenzieArthur
    $400 23
Cheers

Arthur
    $400 25
(MacKenzie: What is Fortune?)

People magazine

MacKenzie
Triple Stumper
    $400 26
punt

MacKenzie
    $600 6
Holstein

David
    $600 9
Pokémon

MacKenzie
    $600 16
a monkey

Arthur
    $600 1
The Blacklist

MacKenzie
    $600 20
The New Yorker

Arthur
    $600 18
sidelined

Arthur
    $1,000 3
White Sands

Arthur
    $800 19
a tarot deck

Arthur
    $800 14
a wallaby

Arthur
    $800 2
Arrested Development

Arthur
    $800 13
(David: What's Golf?)

Golf Digest

MacKenzieDavid
    $800 11
(Arthur: Ah, sorry.)
(MacKenzie: What is a closer?)
(David: What's a pinch hitter?)
(Ken: No harm, no foul, everybody gets it wrong; it's [*] or [**].)

a cleanup man (a cleanup hitter)

MacKenzieArthurDavid
Triple Stumper
    $1000 5
the Altiplano

David
    $1000 15
Diners Club

David
    $1000 4
fallow

David
    $1000 10
The Leftovers

Arthur
    $1000 12
The Atlantic

David
    $1000 17
own goal

MacKenzie

Scores at the first commercial break (after clue 15):

MacKenzie Arthur David
$1,400 $2,800 $3,400

Scores at the end of the Jeopardy! Round:

MacKenzie Arthur David
$2,200 $6,400 $4,200

Double Jeopardy! Round responses

SUPREME COURT JUSTICES
SHORT SHAKESPEARE
RELIGIOUS RANKS & TITLES
MUSEUMS SPREAD THEIR WINGS
WORLD STAR
FEELING JITTERY
    $400 27
impeachment

Arthur
    $400 30
thane

David
    $400 19
enlightenment (nirvana)

David
    $400 25
the Louvre

David
    $400 24
Jackie Chan

David
    $400 29
wired

Arthur
    $800 26
(MacKenzie: Who is... Coney Barrett?)

Alito

MacKenzieDavid
    $800 28
(Ken: Yeah, in The Tempest.)

Miranda

Arthur
    $800 18
a cantor

David
    $800 20
butterflies

Arthur
    $800 23
(MacKenzie: Who is Priyankra Chopra Jonas?)
...
(Ken: You added an "R" and said "Priyankra", I'm afraid, MacKenzie.)

Priyanka Chopra Jonas

MacKenzie
Triple Stumper
    $800 21
edgy

Triple Stumper
    $1200 4
Marshall

David
    $1200 16
(MacKenzie: Who is Shylock?)

Brutus

MacKenzie
Triple Stumper
    $1200 17
Apostles

David
    $1200 6
the Vatican Museum

MacKenzie
    $1200 22
Penélope Cruz

MacKenzie
    $1200 1
(MacKenzie: What is jilted?)

restive

MacKenzieArthur
    $1600 2
Brandeis

MacKenzie
    $1600 14
Edgar & Edmund

Triple Stumper
    $5,000 5
(Ken: Yeah, like vicarious.)

vicar

David
    $1600 7
(MacKenzie: What is the Rijksmuseum?)
...
(Ken: Yes, Spain used to rule the Netherlands.)

the Prado

MacKenzieDavid
    $1600 9
Life Is Beautiful

Arthur
    $10,000 15
(Arthur: [Sighs] What is, um...)
...
(Ken: You had to notice the violin was [*].)

unstrung

Arthur
    $2000 3
John Paul Stevens

Triple Stumper
    $2000 12
St. Crispin's Day

Arthur
    $2000 11
Sufi

Arthur
    $2000 8
Anchorage

David
    $2000 13
Omar Sy

Triple Stumper
    $2000 10
agita

Triple Stumper

Scores at the end of the Double Jeopardy! Round:

MacKenzie Arthur David
$600 $5,600 $18,400
(lock game)

[wagering suggestions for these scores]

Final Jeopardy! Round responses

ELEMENTS
(Ken: [To MacKenzie] You sacrificed $10 to shout out the Tuesday Book Club; that's true love.)
...
(Ken: [To Arthur] Yes, "living silver"; we still call it quicksilver today.)
...
(Ken: [To David] Are those the parrots?)
(David: You got it.)
[Laughter]
(Ken: This is the biggest reveal of the tournament, finding out that your parrots can read.)
[Laughter]
(David: They're very smart.)
(Ken: They must be very well-trained.)
(David: I'm getting them ready for Jeopardy!)
(Ken: All right, first ever Jeopardy! parrot players.)
MacKenzieWhat is going on? (Hi Tuesday Book Club)
$10
ArthurWhat is mercury?
$0
DavidWhat is mercury (Hi Appy, Gigi & Maui!)
$1
mercury

Final scores:

MacKenzie Arthur David
$590 $5,600 $18,401
3rd place: $5,000 2nd place: $5,000 Winner: semifinalist

Game dynamics:

Coryat scores:

MacKenzie Arthur David
$600 $15,400 $15,000
11 R,
9 W
19 R
(including 1 DD),
2 W
(including 1 DD)
20 R
(including 1 DD),
2 W

Combined Coryat: $31,000

[game clues] [game scores] [suggest correction]

Game tape date: 2024-02-26
The J! Archive is created by fans, for fans. Scraping, republication, monetization, and malicious use prohibited; this site may use cookies and collect identifying information. See terms. The Jeopardy! game show and all elements thereof, including but not limited to copyright and trademark thereto, are the property of Jeopardy Productions, Inc. and are protected under law. This website is not affiliated with, sponsored by, or operated by Jeopardy Productions, Inc. Join the discussion at JBoard.tv.